000 00935cam a22003134a 4500
001 12896225
003 OSt
005 20161205173556.0
008 020815s2002 stka b 001 0 eng
010 _a 2002031430
020 _a0443070350
020 _a044307111X
035 _a(DNLM)101152283
040 _aDNLM/DLC
_cDLC
_dDLC
042 _apcc
050 0 0 _aRC46
_b.D24 2002
060 1 0 _aWB 100
_bD253 2002
082 0 0 _aWB 100 D281d 2002
_221
100 _aEditors, Christopher Haslett [et...al]
_911346
245 0 0 _aDavidson's Principles and Practice of Medicine.
250 _a19th ed.
260 _aEdinburgh ;
_bChurchill Livingstone,
_cc2002.
300 _axxii, 1274 p. :
_bill. (chiefly col.) ;
_c27 cm.
504 _aIncludes bibliographical references and index.
650 0 _aInternal medicine.
_9849
650 1 2 _aMedicine.
_9324
906 _a7
_bcbc
_corignew
_d1
_eocip
_f20
_gy-gencatlg
942 _2z
_cB_BANK
999 _c324
_d324